| 000 | 01079nam a22003131 4500 | ||
|---|---|---|---|
| 001 | 142150 | ||
| 003 | ES-MaACL | ||
| 007 | t| | ||
| 008 | 071003s1955 sp ||||0| spa d | ||
| 016 | 7 | _zIND2000946570 | |
| 040 |
_aM-BN _bspa _cCDM |
||
| 080 | _a92(Mac Arthur, Douglas) | ||
| 080 | _a355.483(265/266)"1939/45" | ||
| 080 | _a355.48(100)"1939/45" | ||
| 100 | 1 |
_aWilloughby, Charles Andrew. _9116996 |
|
| 245 | 1 | 0 |
_aMac Arthur / _cMayor General Charles A. Willoughby y John Chamberlain ; [traducción directa del inglés por Luis Solano Costa]. |
| 250 | _a1ª ed. | ||
| 260 |
_aBarcelona : _bA. H. R, _c1955. |
||
| 300 |
_a542 p., 1 h., 8 h. de lám : _bmapas ; _c21 cm. |
||
| 490 | 1 | _aLibros que hacen historia | |
| 600 | 1 | 4 |
_aMac Arthur, Douglas. _974999 |
| 650 | 1 | 4 |
_aGuerra mundial, 1939-1945- _zPacífico. _913249 |
| 700 | 1 |
_aChamberlain, John. _937853 |
|
| 700 | 1 |
_aSolano Costa, Luis. _9107084 |
|
| 830 | 0 | 0 |
_aLibros que hacen historia (AHR) _9182055 |
| 852 |
_aES-MaACL _jC-9610 _bR.37694 |
||
| 999 |
_c142150 _d142150 |
||